[Event "Deutsche Ländermeisterschaft 2025"]
[Site "Oer-Erkenschwick GER"]
[Date "2025.10.03"]
[Round "4"]
[White "Balazs, Sztella Anna"]
[Black "Dedic, Sajra"]
[Result "1-0"]
[Termination "normal"]
[Board "3.7"]
[WhiteElo "1831"]
[BlackElo "1625"]
[WhiteClock "00:30:54"]
[BlackClock "00:23:38"]
[WhiteTeam "Württemberg"]
[BlackTeam "Hessen"]
[PlyCount "95"]
[WhiteFideId "799645"]
[BlackFideId "14422794"]
[EventCountry "GER"]
[EventRounds "7"]
[EventType "team-swiss"]
[EventDate "2025.09.30"]

1. e4 {[%clk 01:30:59]} d6 {[%clk 01:30:57]} {[%emt 00:00:04]} 2. d4 {[%clk
01:31:23]} {[%emt 00:00:05]} Nf6 {[%clk 01:31:22]} {[%emt 00:00:04]} 3. Nc3
{[%clk 01:31:45]} {[%emt 00:00:09]} e5 {[%clk 01:31:48]} {[%emt 00:00:04]} 4.
Nf3 {[%clk 01:32:07]} {[%emt 00:00:08]} exd4 {[%clk 01:32:13]} {[%emt
00:00:06]} 5. Nxd4 {[%clk 01:32:30]} {[%emt 00:00:07]} Be7 {[%clk 01:32:39]}
{[%emt 00:00:04]} 6. Be2 {[%clk 01:32:08]} {[%emt 00:00:51]} O-O {[%clk
01:31:56]} {[%emt 00:01:13]} 7. O-O {[%clk 01:32:26]} {[%emt 00:00:12]} Re8
{[%clk 01:32:08]} {[%emt 00:00:18]} 8. Re1 {[%clk 01:32:39]} {[%emt 00:00:16]}
c6 {[%clk 01:30:47]} {[%emt 00:01:50]} 9. Bf4 {[%clk 01:26:56]} {[%emt
00:06:13]} Bf8 {[%clk 01:30:11]} {[%emt 00:01:07]} 10. Bd3 {[%clk 01:25:03]}
{[%emt 00:02:23]} d5 {[%clk 01:24:12]} {[%emt 00:06:28]} 11. e5 {[%clk
01:17:55]} {[%emt 00:07:38]} Nfd7 {[%clk 01:23:09]} {[%emt 00:01:33]} 12. e6
{[%clk 01:15:24]} {[%emt 00:03:02]} Nf6 {[%clk 01:19:25]} {[%emt 00:04:14]} 13.
exf7+ {[%clk 01:13:45]} {[%emt 00:02:09]} Kxf7 {[%clk 01:19:41]} {[%emt
00:00:14]} 14. Rxe8 {[%clk 01:13:14]} {[%emt 00:01:00]} Qxe8 {[%clk 01:11:26]}
{[%emt 00:08:44]} 15. Bg5 {[%clk 01:10:38]} {[%emt 00:03:07]} Bg4 {[%clk
00:58:43]} {[%emt 00:13:13]} 16. Qd2 {[%clk 01:00:28]} {[%emt 00:10:40]} Nbd7
{[%clk 00:49:59]} {[%emt 00:09:13]} 17. h3 {[%clk 00:54:10]} {[%emt 00:06:47]}
Bc5 {[%clk 00:44:21]} {[%emt 00:06:09]} 18. Bxf6 {[%clk 00:50:29]} {[%emt
00:04:11]} gxf6 {[%clk 00:40:42]} {[%emt 00:04:09]} 19. Nb3 {[%clk 00:40:38]}
{[%emt 00:10:22]} Be6 {[%clk 00:36:49]} {[%emt 00:04:22]} 20. Qh6 {[%clk
00:26:24]} {[%emt 00:14:43]} Qh8 {[%clk 00:35:47]} {[%emt 00:01:32]} 21. Nxc5
{[%clk 00:24:50]} {[%emt 00:02:05]} Nxc5 {[%clk 00:36:04]} {[%emt 00:00:12]}
22. Qxh7+ {[%clk 00:24:48]} {[%emt 00:00:32]} Qxh7 {[%clk 00:36:23]} {[%emt
00:00:11]} 23. Bxh7 {[%clk 00:25:15]} {[%emt 00:00:04]} Rh8 {[%clk 00:35:31]}
{[%emt 00:01:22]} 24. Bd3 {[%clk 00:24:02]} {[%emt 00:01:43]} Nxd3 {[%clk
00:35:48]} {[%emt 00:00:13]} 25. cxd3 {[%clk 00:24:28]} {[%emt 00:00:04]} Bf5
{[%clk 00:33:36]} {[%emt 00:02:42]} 26. d4 {[%clk 00:23:29]} {[%emt 00:01:29]}
Re8 {[%clk 00:32:27]} {[%emt 00:01:38]} 27. g4 {[%clk 00:21:20]} {[%emt
00:02:40]} Bd7 {[%clk 00:30:15]} {[%emt 00:02:42]} 28. Kg2 {[%clk 00:20:48]}
{[%emt 00:01:02]} f5 {[%clk 00:29:16]} {[%emt 00:01:29]} 29. Kg3 {[%clk
00:20:46]} {[%emt 00:00:32]} Kg6 {[%clk 00:28:54]} {[%emt 00:00:52]} 30. Rd1
{[%clk 00:18:59]} {[%emt 00:02:17]} Re7 {[%clk 00:23:11]} {[%emt 00:06:12]} 31.
f3 {[%clk 00:15:56]} {[%emt 00:03:33]} b5 {[%clk 00:19:13]} {[%emt 00:04:28]}
32. Rd2 {[%clk 00:11:14]} {[%emt 00:05:12]} Kf6 {[%clk 00:10:45]} {[%emt
00:08:58]} 33. Re2 {[%clk 00:09:35]} {[%emt 00:02:10]} Rg7 {[%clk 00:11:03]}
{[%emt 00:00:11]} 34. Nd1 {[%clk 00:04:36]} {[%emt 00:05:29]} Rg8 {[%clk
00:10:08]} {[%emt 00:01:25]} 35. Nf2 {[%clk 00:04:42]} {[%emt 00:00:25]} fxg4
{[%clk 00:06:38]} {[%emt 00:04:00]} 36. hxg4 {[%clk 00:03:45]} {[%emt
00:01:27]} Bf5 {[%clk 00:07:01]} {[%emt 00:00:07]} 37. Re5 {[%clk 00:03:05]}
{[%emt 00:01:10]} Bh7 {[%clk 00:07:16]} {[%emt 00:00:13]} 38. f4 {[%clk
00:03:10]} {[%emt 00:00:27]} Kf7 {[%clk 00:06:37]} {[%emt 00:01:09]} 39. Nh3
{[%clk 00:03:04]} {[%emt 00:00:36]} Bg6 {[%clk 00:06:19]} {[%emt 00:00:48]} 40.
Ng5+ {[%clk 00:03:13]} {[%emt 00:00:22]} Kg7 {[%clk 00:06:08]} {[%emt
00:00:40]} 41. f5 {[%clk 00:01:41]} {[%emt 00:02:03]} Be8 {[%clk 00:06:08]}
{[%emt 00:00:30]} 42. Kf4 {[%clk 00:01:59]} {[%emt 00:00:12]} a5 {[%clk
00:03:21]} {[%emt 00:03:17]} 43. Nf3 {[%clk 00:01:52]} {[%emt 00:00:37]} Kh6
{[%clk 00:29:31]} {[%emt 00:04:19]} 44. g5+ {[%clk 00:31:38]} {[%emt 00:00:43]}
Kh5 {[%clk 00:28:06]} {[%emt 00:01:56]} 45. Re6 {[%clk 00:30:51]} {[%emt
00:01:18]} Rh8 {[%clk 00:27:57]} {[%emt 00:00:38]} 46. Ne5 {[%clk 00:31:08]}
{[%emt 00:00:13]} a4 {[%clk 00:25:18]} {[%emt 00:03:09]} 47. f6 {[%clk
00:31:01]} {[%emt 00:00:36]} Bg6 {[%clk 00:23:38]} {[%emt 00:02:10]} 48. f7
{[%clk 00:30:54]} {[%emt 00:00:37]} 1-0

[Event "Deutsche Ländermeisterschaft 2025"]
[Site "Oer-Erkenschwick GER"]
[Date "2025.10.03"]
[Round "4"]
[White "Huang, Flora Yueya"]
[Black "Tu, Tiffany"]
[Result "1-0"]
[Termination "normal"]
[Board "3.8"]
[WhiteElo "1750"]
[BlackElo "1707"]
[WhiteClock "00:38:08"]
[BlackClock "00:06:21"]
[WhiteTeam "Hessen"]
[BlackTeam "Württemberg"]
[PlyCount "119"]
[WhiteFideId "533015651"]
[BlackFideId "34628576"]
[EventCountry "GER"]
[EventRounds "7"]
[EventType "team-swiss"]
[EventDate "2025.09.30"]

1. d4 {[%clk 01:30:58]} {[%emt 00:00:01]} d5 {[%clk 01:30:53]} {[%emt
00:00:07]} 2. c4 {[%clk 01:31:24]} {[%emt 00:00:04]} e6 {[%clk 01:31:16]}
{[%emt 00:00:06]} 3. Nc3 {[%clk 01:31:51]} {[%emt 00:00:04]} c6 {[%clk
01:31:38]} {[%emt 00:00:08]} 4. e3 {[%clk 01:32:17]} {[%emt 00:00:03]} Bd6
{[%clk 01:31:57]} {[%emt 00:00:11]} 5. Be2 {[%clk 01:32:41]} {[%emt 00:00:07]}
Nd7 {[%clk 01:32:02]} {[%emt 00:00:22]} 6. Bd2 {[%clk 01:32:00]} {[%emt
00:01:13]} f5 {[%clk 01:31:39]} {[%emt 00:00:53]} 7. c5 {[%clk 01:32:22]}
{[%emt 00:00:08]} Be7 {[%clk 01:28:31]} {[%emt 00:03:37]} 8. f4 {[%clk
01:32:17]} {[%emt 00:00:36]} Ngf6 {[%clk 01:27:53]} {[%emt 00:01:08]} 9. Nf3
{[%clk 01:32:28]} {[%emt 00:00:20]} Ne4 {[%clk 01:27:30]} {[%emt 00:00:51]} 10.
b4 {[%clk 01:32:19]} {[%emt 00:00:40]} a6 {[%clk 01:22:01]} {[%emt 00:05:59]}
11. O-O {[%clk 01:26:33]} {[%emt 00:06:16]} O-O {[%clk 01:21:44]} {[%emt
00:00:44]} 12. Qc2 {[%clk 01:23:47]} {[%emt 00:03:19]} Nxc3 {[%clk 01:08:05]}
{[%emt 00:14:09]} 13. Bxc3 {[%clk 01:21:35]} {[%emt 00:02:41]} Nf6 {[%clk
01:07:06]} {[%emt 00:01:29]} 14. Ne5 {[%clk 01:21:10]} {[%emt 00:00:56]} Ne4
{[%clk 01:06:16]} {[%emt 00:01:18]} 15. a4 {[%clk 01:18:33]} {[%emt 00:03:09]}
Bd7 {[%clk 01:03:52]} {[%emt 00:02:54]} 16. Rfb1 {[%clk 01:16:23]} {[%emt
00:02:39]} Qc7 {[%clk 01:01:31]} {[%emt 00:02:49]} 17. b5 {[%clk 01:09:50]}
{[%emt 00:07:06]} axb5 {[%clk 00:59:53]} {[%emt 00:02:08]} 18. axb5 {[%clk
01:10:10]} {[%emt 00:00:09]} cxb5 {[%clk 00:54:24]} {[%emt 00:06:00]} 19. Nxd7
{[%clk 01:09:07]} {[%emt 00:01:32]} Qxd7 {[%clk 00:54:15]} {[%emt 00:00:37]}
20. Bxb5 {[%clk 01:09:11]} {[%emt 00:00:28]} Qc7 {[%clk 00:54:00]} {[%emt
00:00:44]} 21. Ba4 {[%clk 01:05:47]} {[%emt 00:03:56]} Ra7 {[%emt 00:02:46]}
22. Bb5 {[%clk 01:00:03]} {[%emt 00:06:12]} Rfa8 {[%clk 00:51:01]} {[%emt
00:01:10]} 23. Rxa7 {[%clk 01:00:22]} {[%emt 00:00:16]} Rxa7 {[%clk 00:51:29]}
{[%emt 00:00:02]} 24. Bd3 {[%clk 01:00:30]} {[%emt 00:00:21]} Nxc3 {[%clk
00:48:18]} {[%emt 00:03:41]} 25. Qxc3 {[%clk 01:00:44]} {[%emt 00:00:16]} Ra8
{[%clk 00:47:30]} {[%emt 00:01:13]} 26. Rb6 {[%clk 00:59:40]} {[%emt 00:01:40]}
Qd7 {[%clk 00:46:19]} {[%emt 00:01:40]} 27. Qb2 {[%clk 00:58:20]} {[%emt
00:01:49]} Ra7 {[%clk 00:45:25]} {[%emt 00:01:22]} 28. Bb5 {[%clk 00:56:33]}
{[%emt 00:02:21]} Qc8 {[%clk 00:42:45]} {[%emt 00:03:08]} 29. Bc6 {[%clk
00:46:22]} {[%emt 00:10:37]} Kf7 {[%clk 00:37:09]} {[%emt 00:06:09]} 30. Bxb7
{[%clk 00:43:06]} {[%emt 00:03:49]} Qc7 {[%clk 00:36:12]} {[%emt 00:01:24]} 31.
Bc6 {[%clk 00:41:09]} {[%emt 00:02:30]} g5 {[%clk 00:28:26]} {[%emt 00:08:16]}
32. g3 {[%clk 00:38:17]} {[%emt 00:03:23]} h5 {[%clk 00:26:01]} {[%emt
00:02:51]} 33. Rb7 {[%clk 00:35:21]} {[%emt 00:03:30]} Rxb7 {[%clk 00:24:42]}
{[%emt 00:01:49]} 34. Bxb7 {[%clk 00:35:42]} {[%emt 00:00:09]} gxf4 {[%clk
00:23:52]} {[%emt 00:01:20]} 35. gxf4 {[%clk 00:35:55]} {[%emt 00:00:16]} Bf6
{[%clk 00:22:54]} {[%emt 00:01:27]} 36. c6 {[%clk 00:34:40]} {[%emt 00:01:46]}
Bd8 {[%clk 00:21:59]} {[%emt 00:01:23]} 37. Qe2 {[%clk 00:34:08]} {[%emt
00:01:00]} Kg6 {[%clk 00:21:50]} {[%emt 00:00:41]} 38. Qg2+ {[%clk 00:34:32]}
{[%emt 00:00:06]} Kh6 {[%clk 00:22:10]} {[%emt 00:00:10]} 39. Qg8 {[%clk
00:33:40]} {[%emt 00:01:21]} Qg7+ {[%clk 00:18:41]} {[%emt 00:04:00]} 40. Qxg7+
{[%clk 00:34:05]} {[%emt 00:00:06]} Kxg7 {[%clk 00:19:08]} {[%emt 00:00:04]}
41. Kg2 {[%clk 00:34:28]} {[%emt 00:00:06]} Kf7 {[%clk 00:17:39]} {[%emt
00:01:59]} 42. Kf3 {[%clk 00:34:46]} {[%emt 00:00:11]} Ke7 {[%clk 00:17:04]}
{[%emt 00:01:04]} 43. Kg3 {[%clk 00:35:11]} {[%emt 00:00:06]} Kd6 {[%clk
00:16:45]} {[%emt 00:00:44]} 44. Bc8 {[%clk 00:35:12]} {[%emt 00:00:34]} Be7
{[%clk 00:15:51]} {[%emt 00:01:24]} 45. c7 {[%clk 00:34:33]} {[%emt 00:01:09]}
Kxc7 {[%clk 00:11:50]} {[%emt 00:04:31]} 46. Bxe6 {[%clk 00:34:57]} {[%emt
00:00:06]} Kd6 {[%clk 00:11:36]} {[%emt 00:00:44]} 47. Bxf5 {[%clk 00:35:20]}
{[%emt 00:00:07]} h4+ {[%clk 00:11:39]} {[%emt 00:00:27]} 48. Kg4 {[%clk
00:35:37]} {[%emt 00:00:12]} Bf6 {[%clk 00:11:40]} {[%emt 00:00:29]} 49. Bd3
{[%clk 00:35:36]} {[%emt 00:00:30]} Ke7 {[%clk 00:07:56]} {[%emt 00:04:00]} 50.
Ba6 {[%clk 00:35:45]} {[%emt 00:00:35]} Ke6 {[%clk 00:07:06]} {[%emt 00:01:20]}
51. f5+ {[%clk 00:35:35]} {[%emt 00:00:41]} Kd6 {[%clk 00:06:41]} {[%emt
00:00:53]} 52. Kh5 {[%clk 00:35:42]} {[%emt 00:00:24]} Ke7 {[%clk 00:06:05]}
{[%emt 00:01:04]} 53. Kg6 {[%clk 00:36:06]} {[%emt 00:00:09]} Bh8 {[%clk
00:06:12]} {[%emt 00:00:19]} 54. Bb7 {[%clk 00:36:28]} {[%emt 00:00:12]} Kd6
{[%clk 00:06:31]} {[%emt 00:00:08]} 55. f6 {[%clk 00:36:41]} {[%emt 00:00:21]}
Bxf6 {[%clk 00:05:37]} {[%emt 00:01:25]} 56. Kxf6 {[%clk 00:37:05]} {[%emt
00:00:06]} h3 {[%clk 00:05:38]} {[%emt 00:00:29]} 57. Bc8 {[%clk 00:37:18]}
{[%emt 00:00:16]} Kc7 {[%clk 00:05:48]} {[%emt 00:00:19]} 58. Bxh3 {[%clk
00:37:40]} {[%emt 00:00:09]} Kd6 {[%clk 00:06:07]} {[%emt 00:00:11]} 59. Bg2
{[%clk 00:37:50]} {[%emt 00:00:21]} Kc6 {[%clk 00:06:21]} {[%emt 00:00:15]} 60.
h4 {[%clk 00:38:08]} {[%emt 00:00:13]} 1-0

[Event "Deutsche Ländermeisterschaft 2025"]
[Site "Oer-Erkenschwick GER"]
[Date "2025.10.03"]
[Round "4"]
[White "Sauer, Tim"]
[Black "Haubold, Sebastian"]
[Result "1/2-1/2"]
[Termination "normal"]
[Board "4.1"]
[WhiteTitle "CM"]
[WhiteElo "2234"]
[BlackElo "2153"]
[WhiteClock "00:00:34"]
[BlackClock "00:02:04"]
[WhiteTeam "Niedersachsen"]
[BlackTeam "Sachsen-Anhalt"]
[PlyCount "178"]
[WhiteFideId "16265726"]
[BlackFideId "16259637"]
[EventCountry "GER"]
[EventRounds "7"]
[EventType "team-swiss"]
[EventDate "2025.09.30"]

1. d4 {[%clk 01:30:51]} {[%emt 00:00:08]} Nf6 {[%clk 01:30:50]} {[%emt
00:00:10]} 2. Nf3 {[%clk 01:31:15]} {[%emt 00:00:06]} g6 {[%clk 01:31:13]}
{[%emt 00:00:06]} 3. c4 {[%clk 01:31:41]} {[%emt 00:00:05]} Bg7 {[%clk
01:31:37]} {[%emt 00:00:06]} 4. g3 {[%clk 01:32:04]} {[%emt 00:00:07]} O-O
{[%clk 01:31:44]} {[%emt 00:00:23]} 5. Bg2 {[%clk 01:32:31]} {[%emt 00:00:04]}
d6 {[%clk 01:31:50]} {[%emt 00:00:23]} 6. O-O {[%clk 01:32:53]} {[%emt
00:00:08]} c5 {[%clk 01:31:37]} {[%emt 00:00:42]} 7. Nc3 {[%clk 01:32:32]}
{[%emt 00:00:51]} Nc6 {[%clk 01:31:20]} {[%emt 00:00:46]} 8. dxc5 {[%clk
01:31:38]} {[%emt 00:01:25]} dxc5 {[%clk 01:31:38]} {[%emt 00:00:13]} 9. Be3
{[%clk 01:32:01]} {[%emt 00:00:06]} Be6 {[%clk 01:31:49]} {[%emt 00:00:19]} 10.
Qa4 {[%clk 01:32:22]} {[%emt 00:00:10]} Qa5 {[%clk 01:04:33]} {[%emt 00:27:46]}
11. Qb5 {[%clk 00:42:10]} {[%emt 00:50:42]} Qb4 {[%clk 00:59:33]} {[%emt
00:05:27]} 12. Bxc5 {[%clk 00:23:42]} {[%emt 00:19:00]} Qxc4 {[%clk 00:59:41]}
{[%emt 00:00:22]} 13. Qxc4 {[%clk 00:24:01]} {[%emt 00:00:10]} Bxc4 {[%clk
01:00:10]} {[%emt 00:00:02]} 14. Nd2 {[%clk 00:24:16]} {[%emt 00:00:15]} Ba6
{[%clk 00:55:44]} {[%emt 00:04:56]} 15. Rac1 {[%clk 00:21:10]} {[%emt
00:03:36]} Nd7 {[%clk 00:49:30]} {[%emt 00:06:43]} 16. Be3 {[%clk 00:20:19]}
{[%emt 00:01:23]} Nde5 {[%clk 00:37:54]} {[%emt 00:12:05]} 17. Rfe1 {[%clk
00:13:21]} {[%emt 00:07:28]} Ng4 {[%clk 00:32:23]} {[%emt 00:06:01]} 18. Bc5
{[%clk 00:12:20]} {[%emt 00:01:31]} Bh6 {[%clk 00:32:28]} {[%emt 00:00:24]} 19.
Rcd1 {[%clk 00:11:18]} {[%emt 00:01:33]} Rfd8 {[%clk 00:30:42]} {[%emt
00:02:15]} 20. Nb3 {[%clk 00:09:56]} {[%emt 00:01:53]} Nge5 {[%clk 00:24:23]}
{[%emt 00:06:47]} 21. Nd5 {[%clk 00:08:52]} {[%emt 00:01:36]} Bg7 {[%clk
00:11:38]} {[%emt 00:13:16]} 22. f4 {[%clk 00:04:25]} {[%emt 00:04:57]} Ng4
{[%clk 00:06:14]} {[%emt 00:05:54]} 23. Bf3 {[%clk 00:04:15]} {[%emt 00:00:39]}
h5 {[%clk 00:04:36]} {[%emt 00:02:08]} 24. Nc7 {[%clk 00:01:04]} {[%emt
00:03:41]} Rxd1 {[%clk 00:04:13]} {[%emt 00:00:54]} 25. Rxd1 {[%clk 00:01:30]}
{[%emt 00:00:03]} Rc8 {[%clk 00:04:36]} {[%emt 00:00:07]} 26. Nxa6 {[%clk
00:01:46]} {[%emt 00:00:14]} bxa6 {[%clk 00:05:05]} {[%emt 00:00:02]} 27. h3
{[%clk 00:01:20]} {[%emt 00:00:57]} Nh6 {[%clk 00:05:03]} {[%emt 00:00:32]} 28.
Bf2 {[%clk 00:00:35]} {[%emt 00:01:15]} Bxb2 {[%clk 00:04:08]} {[%emt
00:01:24]} 29. Kg2 {[%clk 00:00:37]} {[%emt 00:00:29]} e5 {[%clk 00:02:16]}
{[%emt 00:02:21]} 30. Rd7 {[%clk 00:00:33]} {[%emt 00:00:34]} Nf5 {[%clk
00:01:57]} {[%emt 00:00:50]} 31. Bd5 {[%clk 00:00:36]} {[%emt 00:00:26]} Nfe7
{[%clk 00:02:07]} {[%emt 00:00:20]} 32. Bc4 {[%clk 00:00:36]} {[%emt 00:00:30]}
Ba3 {[%clk 00:01:49]} {[%emt 00:00:49]} 33. Bxa6 {[%clk 00:00:40]} {[%emt
00:00:27]} Re8 {[%clk 00:01:31]} {[%emt 00:00:47]} 34. Bb5 {[%clk 00:00:34]}
{[%emt 00:00:36]} a6 {[%clk 00:01:04]} {[%emt 00:00:57]} 35. Bc4 {[%clk
00:00:36]} {[%emt 00:00:28]} a5 {[%clk 00:01:02]} {[%emt 00:00:32]} 36. Nc5
{[%clk 00:00:36]} {[%emt 00:00:30]} Rc8 {[%clk 00:01:02]} {[%emt 00:00:30]} 37.
Bb3 {[%clk 00:00:33]} {[%emt 00:00:33]} Kf8 {[%clk 00:01:05]} {[%emt 00:00:27]}
38. Ne4 {[%clk 00:00:37]} {[%emt 00:00:26]} Nb8 {[%clk 00:01:12]} {[%emt
00:00:23]} 39. Rb7 {[%clk 00:00:33]} {[%emt 00:00:33]} Nbc6 {[%clk 00:01:25]}
{[%emt 00:00:17]} 40. Ng5 {[%clk 00:00:33]} {[%emt 00:00:30]} Nd8 {[%clk
00:01:38]} {[%emt 00:00:16]} 41. Rb5 {[%clk 00:20:07]} {[%emt 00:10:55]} exf4
{[%clk 00:30:17]} {[%emt 00:01:53]} 42. gxf4 {[%clk 00:20:27]} {[%emt
00:00:10]} Nec6 {[%clk 00:25:12]} {[%emt 00:05:33]} 43. f5 {[%clk 00:16:43]}
{[%emt 00:04:15]} Rb8 {[%clk 00:19:02]} {[%emt 00:06:39]} 44. Rxb8 {[%clk
00:08:28]} {[%emt 00:08:47]} Nxb8 {[%clk 00:19:15]} {[%emt 00:00:17]} 45. Bb6
{[%clk 00:05:39]} {[%emt 00:03:19]} Nbc6 {[%clk 00:14:50]} {[%emt 00:04:55]}
46. Bd5 {[%clk 00:01:38]} {[%emt 00:04:32]} Nb4 {[%clk 00:11:35]} {[%emt
00:03:43]} 47. Bc4 {[%clk 00:00:34]} {[%emt 00:01:37]} Nbc6 {[%clk 00:10:54]}
{[%emt 00:01:08]} 48. Bd3 {[%clk 00:00:34]} {[%emt 00:00:32]} gxf5 {[%clk
00:09:19]} {[%emt 00:02:04]} 49. Bxf5 {[%clk 00:00:35]} {[%emt 00:00:29]} Ke7
{[%clk 00:09:29]} {[%emt 00:00:20]} 50. Bd3 {[%clk 00:00:35]} {[%emt 00:00:29]}
Bb4 {[%clk 00:04:56]} {[%emt 00:05:05]} 51. Ne4 {[%clk 00:00:33]} {[%emt
00:00:32]} Ne6 {[%clk 00:04:52]} {[%emt 00:00:33]} 52. Bc4 {[%clk 00:00:33]}
{[%emt 00:00:31]} Ne5 {[%clk 00:04:14]} {[%emt 00:01:08]} 53. Bb5 {[%clk
00:00:57]} {[%emt 00:00:05]} Nf4+ {[%clk 00:04:07]} {[%emt 00:00:37]} 54. Kg3
{[%clk 00:00:59]} {[%emt 00:00:29]} Nd5 {[%clk 00:04:26]} {[%emt 00:00:11]} 55.
Bd4 {[%clk 00:00:43]} {[%emt 00:00:46]} Ng6 {[%clk 00:03:12]} {[%emt 00:01:44]}
56. Bc4 {[%clk 00:00:34]} {[%emt 00:00:40]} Be1+ {[%clk 00:02:36]} {[%emt
00:01:04]} 57. Kh2 {[%clk 00:00:51]} {[%emt 00:00:14]} Ndf4 {[%clk 00:01:03]}
{[%emt 00:02:03]} 58. Bc5+ {[%clk 00:00:52]} {[%emt 00:00:29]} Kd7 {[%clk
00:01:10]} {[%emt 00:00:25]} 59. Bxf7 {[%clk 00:00:33]} {[%emt 00:00:48]} Ne5
{[%clk 00:01:39]} {[%emt 00:00:01]} 60. Bb3 {[%clk 00:00:43]} {[%emt 00:00:19]}
Nxe2 {[%clk 00:01:57]} {[%emt 00:00:12]} 61. Be3 {[%clk 00:00:34]} {[%emt
00:00:38]} h4 {[%clk 00:01:46]} {[%emt 00:00:42]} 62. Kg2 {[%clk 00:00:34]}
{[%emt 00:00:29]} Ng3 {[%clk 00:00:59]} {[%emt 00:01:16]} 63. Nxg3 {[%clk
00:00:41]} {[%emt 00:00:23]} Bxg3 {[%clk 00:01:26]} {[%emt 00:00:03]} 64. Bd2
{[%clk 00:00:59]} {[%emt 00:00:11]} Nd3 {[%clk 00:01:31]} {[%emt 00:00:26]} 65.
Kf3 {[%clk 00:00:32]} {[%emt 00:00:57]} Nf2 {[%clk 00:01:12]} {[%emt 00:00:49]}
66. Bc2 {[%clk 00:00:38]} {[%emt 00:00:24]} Kd6 {[%clk 00:00:36]} {[%emt
00:01:07]} 67. Bf5 {[%clk 00:00:34]} {[%emt 00:00:34]} a4 {[%clk 00:00:43]}
{[%emt 00:00:23]} 68. Be1 {[%clk 00:00:31]} {[%emt 00:00:32]} Ke5 {[%clk
00:00:34]} {[%emt 00:00:39]} 69. Bd7 {[%clk 00:00:44]} {[%emt 00:00:17]} Nd3
{[%clk 00:00:35]} {[%emt 00:00:30]} 70. Bc3+ {[%clk 00:00:32]} {[%emt
00:00:42]} Kd5 {[%clk 00:00:47]} {[%emt 00:00:17]} 71. Bxa4 {[%clk 00:00:45]}
{[%emt 00:00:18]} Ne5+ {[%clk 00:01:01]} {[%emt 00:00:16]} 72. Ke3 {[%clk
00:00:47]} {[%emt 00:00:25]} Nc4+ {[%clk 00:00:39]} {[%emt 00:00:54]} 73. Ke2
{[%clk 00:00:52]} {[%emt 00:00:25]} Ne5 {[%clk 00:00:41]} {[%emt 00:00:29]} 74.
Bb3+ {[%clk 00:00:44]} {[%emt 00:00:37]} Kc5 {[%clk 00:00:56]} {[%emt
00:00:16]} 75. Ke3 {[%clk 00:01:03]} {[%emt 00:00:10]} Ng6 {[%clk 00:01:07]}
{[%emt 00:00:20]} 76. Kf3 {[%clk 00:01:09]} {[%emt 00:00:23]} Nf4 {[%clk
00:01:22]} {[%emt 00:00:16]} 77. Kg4 {[%clk 00:01:13]} {[%emt 00:00:25]} Nd3
{[%clk 00:01:51]} {[%emt 00:00:02]} 78. Be6 {[%clk 00:00:54]} {[%emt 00:00:50]}
Nf2+ {[%clk 00:01:55]} {[%emt 00:00:26]} 79. Kf3 {[%clk 00:01:03]} {[%emt
00:00:20]} Nd3 {[%clk 00:01:31]} {[%emt 00:00:55]} 80. Ke3 {[%clk 00:00:34]}
{[%emt 00:00:58]} Nf4 {[%clk 00:01:35]} {[%emt 00:00:26]} 81. Bd4+ {[%clk
00:00:34]} {[%emt 00:00:30]} Kd6 {[%clk 00:01:35]} {[%emt 00:00:30]} 82. Bg4
{[%clk 00:00:38]} {[%emt 00:00:26]} Kd5 {[%clk 00:02:04]} {[%emt 00:00:02]} 83.
Ba7 {[%clk 00:00:36]} {[%emt 00:00:32]} Ng6 {[%clk 00:01:44]} {[%emt 00:00:51]}
84. Bf5 {[%clk 00:00:35]} {[%emt 00:00:29]} Nf4 {[%clk 00:01:41]} {[%emt
00:00:34]} 85. Kf3 {[%clk 00:00:58]} {[%emt 00:00:06]} Kc4 {[%clk 00:01:00]}
{[%emt 00:01:12]} 86. Bb8 {[%clk 00:00:33]} {[%emt 00:00:55]} Nxh3 {[%clk
00:00:39]} {[%emt 00:00:51]} 87. Bxg3 {[%clk 00:00:33]} {[%emt 00:00:30]} Ng5+
{[%clk 00:01:08]} {[%emt 00:00:01]} 88. Kf4 {[%clk 00:00:35]} {[%emt 00:00:27]}
hxg3 {[%clk 00:01:35]} {[%emt 00:00:03]} 89. Kxg3 {[%clk 00:00:34]} {[%emt
00:00:32]} Kb4 {[%clk 00:02:04]} 1/2-1/2